Statistiques concernant Anagrammes des moyens de transport

Cliquez ici pour prendre le quiz!

Statistiques générales

  • Ce quiz a été pris 161 fois
  • Le résultat moyen est 8 sur 15

Statistiques - réponses

AnagrammeMoyen de transport% Correct
novaiAvion
91%
teromMétro
89%
rintaTrain
89%
crahChar
88%
arymtawTramway
87%
lebytecticBicyclette
82%
qoteuabpPaquebot
71%
perciletoheHélicoptère
48%
rotilenfegmoMontgolfière
37%
cedegilinDiligence
36%
tapelenhEléphant
19%
isomnieluLimousine
15%
radidaromeDromadaire
14%
gitonomeeMotoneige
8%
mocetetainCamionette
2%

Distribution des résultats

Percentile par nombre de réponses

% des personnes avec chaque résultat

Votre développement - résultats

Vous n’avez pas pris ce quiz